| 000 | 00816nam a22002057a 4500 | ||
|---|---|---|---|
| 003 | 0 | ||
| 005 | 20250213155136.0 | ||
| 008 | 250213b xxu||||| |||| 00| 0 eng d | ||
| 050 |
_aRC 1235 _b.D4 2024 |
||
| 100 | _ade Torres, Krisjaene A | ||
| 245 |
_aPerfectionism and self-compassion of competitive cheerdancers _cKrisjaene A. de Torres |
||
| 260 |
_aLas Pinas City _bSouthville International School and Colleges _c2024 |
||
| 300 |
_ax, 349 pages; _c28cm. |
||
| 500 | _aBachelor of Science in Psychology. | ||
| 504 | _aIncludes bibliographical references and appendices. | ||
| 650 | _aPerfectionism (Psychology)— Competitive athletes. | ||
| 650 | _aSelf-Compassion—Psychological factors -- Sports Performance. | ||
| 650 | _aCheerleading—Mental toughness -- Psychological resilience. | ||
| 942 |
_2lcc _cTH |
||
| 999 |
_c367211 _d367211 |
||